02166cam a2200553 a 450000500170000000800410001702000150005804100080007309200200008110000320010124500590013325000110019226000420020330000110024550001260025665300180038265300250040065300280042565300260045365300520047965300350053165300400056665300370060665300180064365300360066165300210069765300470071865300240076565300310078965300540082065300350087465300480090965300410095765300150099865300230101365300280103665300350106465300160109965300490111570000360116493000090120093000090120993000090121894200120122799900130123995201300125295201150138295201150149720240619094943.0100707s2002||||sp a f |||| 001 0 spa d a8481746088 aspa c616.15l77sSAN1 aSan Miguel, Jesús F.9722 aCuestiones en Hematología / cJesús F. San Miguel a2a ed. aMadrid: bElsevier ; Harcourt;c2002. a243 p. aSan Miguel, J. F. y Sánchez-Guijo, F. M. (2002). Cuestiones en Hematología. (2a ed.). Madrid : Elsevier ; Harcourt. aHematopoyesis aAnemia ferropénica aAnemia megaloblástica aAnemias hemolíticas aAnemias secundarias y anemias sideriblásticas aSíndromes mielodisplásicos aAplasia medular y eritoblastopenias aAlteraciones de los granulocitos aQuimioterapia aSíndromes mieloproliferativos aLeucemias agudas aSíndromes linfoproliferativos crónicos aLinfomas no Hodgkin aGammapatías monoclonales aEnfermedades del sistema mononuclear fagocítico aAdenopatías y esplenomegalia aTrasplante de precursores hematopoyéticos aFisiopatología de la coagulación aPúrpuras aHipocoagulabilidad aDiátesis trombótica aTerapéutica antitrombótica aHemoterapia aApéndice: valores normales hematológicos1 aSánchez-Guijo, Fermin M.9723 a1204 a1294 a1295 2ddccBK c491d491 00102ddc40708REFaBFMbBFMcREFd2011-05-13l0o616.15 77 SANp1204r2014-11-06tej.1w2011-05-13yREFzLIBRO DE CONSULTA 00104070aBFMbBFMcCRd2011-05-13l35m5o616.15 77 SANp1294r2015-09-10s2015-09-08tej.2w2011-05-13yBK 00104070aBFMbBFMcCRd2011-05-13l29m3o616.15 77 SANp1295r2015-09-10s2015-09-08tej.3w2011-05-13yBK